000 00631cam a22002293a 4500
001 16635
003 PGUSA
005 20140828083344.0
008 050903s2005||||xxu|||||s|||||000 | eng d
040 _aPGUSA
_beng
042 _adc
050 4 _aPS
100 1 _aFitch, Clyde,
_d1865-1909
245 1 4 _aThe Climbers :
_bA Play in Four Acts
_h[electronic resource] /
_cClyde Fitch
260 _bProject Gutenberg,
_c2005
506 _aPublic domain in the USA.
516 _aElectronic text
653 _aAmerican drama
830 0 _aProject Gutenberg
_v16635
856 4 0 _uhttp://www.gutenberg.org/ebooks/16635
942 _cEB
999 _c245890
_d245890